[Event "URS-ch FL55"]
[Site "Sverdlovsk"]
[Date "1987.??.??"]
[Round "?"]
[White "Kupreichik, Viktor D"]
[Black "Rashkovsky, Nukhim N"]
[Result "1-0"]
[WhiteElo "2500"]
[BlackElo "2495"]
[PlyCount "90"]
[EventDate "1987.11.??"]
[EventType "tourn"]
[EventRounds "17"]
[EventCountry "URS"]
[EventCategory "10"]
[SourceTitle "TD"]
[Source "ChessBase"]
[SourceDate "1994.03.01"]
[SourceVersion "1"]
[SourceVersionDate "1994.03.01"]
[SourceQuality "1"]

1. e4 c5 2. Nf3 d6 3. Nc3 e5 4. Bc4 Be7 5. d3 Be6 6. Bxe6 fxe6 7. Ne2 Nc6 8. c3
Qd7 9. d4 cxd4 10. cxd4 Nf6 11. Nc3 exd4 12. Nxd4 O-O 13. O-O d5 14. exd5 exd5
15. h3 Bb4 16. Be3 Bxc3 17. bxc3 Ne5 18. Nb3 b6 19. Bd4 Ng6 20. Re1 Ne4 21. Nd2
Nd6 22. Nf1 Nb5 23. Ne3 Rf4 24. Re2 Nxd4 25. cxd4 Re4 26. Rc1 Nf4 27. Rd2 Rae8
28. Rc3 h6 29. Kh2 Ne6 30. f3 Rf4 31. Ng4 Qd6 32. g3 Rff8 33. h4 h5 34. Ne3 g5
35. Ng2 Rf6 36. Re2 Ref8 37. Re5 gxh4 38. Nxh4 Ng7 39. Qc2 Re6 40. f4 Rxe5 41.
dxe5 Qe6 42. Rc6 Qd7 43. Rh6 Nf5 44. e6 Nd4 45. exd7 Nxc2 1-0

[Event "Malmo"]
[Site "Malmo"]
[Date "1987.??.??"]
[Round "?"]
[White "Garcia Palermo, Carlos H"]
[Black "Kupreichik, Viktor D"]
[Result "0-1"]
[WhiteElo "2520"]
[BlackElo "2500"]
[PlyCount "116"]
[EventDate "1987.12.??"]
[EventType "tourn"]
[EventRounds "9"]
[EventCountry "SWE"]
[EventCategory "11"]
[SourceTitle "TD"]
[Source "ChessBase"]
[SourceDate "1994.03.01"]
[SourceVersion "1"]
[SourceVersionDate "1994.03.01"]
[SourceQuality "1"]

1. d4 Nf6 2. c4 g6 3. Nc3 Bg7 4. Bg5 O-O 5. e3 c5 6. Bxf6 Bxf6 7. Ne4 Qb6 8.
Qd2 cxd4 9. Nxf6+ Qxf6 10. exd4 d5 11. cxd5 Rd8 12. Bc4 b5 13. Bb3 Bb7 14. Rc1
a5 15. a3 Nd7 16. Ne2 Nb6 17. Rc5 a4 18. Ba2 Bxd5 19. Bxd5 Rxd5 20. Rxd5 Nxd5
21. O-O Rc8 22. Rc1 Rxc1+ 23. Qxc1 Qf5 24. h3 Qd3 25. Nc3 Nxc3 26. bxc3 f6 27.
Qb2 Qd1+ 28. Kh2 Qb3 29. Qc1 Kf7 30. g4 Ke6 31. Qe3+ Kd6 32. Qg3+ Kd5 33. Qd3
Kc6 34. Qe4+ Kd6 35. Qf4+ Kd5 36. Qe3 Kc4 37. Qxe7 Kxc3 38. Qxf6 Qd5 39. Qe5
Qxd4 40. Qxb5 Qxf2+ 41. Kh1 Qf3+ 42. Kh2 Qf4+ 43. Kg2 Qe4+ 44. Kf2 Qc2+ 45. Kf3
Qb3 46. Qc5+ Kb2+ 47. Kf4 Qc3 48. Qd6 Qc1+ 49. Kg3 Ka2 50. Kh4 Qh6+ 51. Kg3
Qe3+ 52. Kh4 Qh6+ 53. Kg3 Qc1 54. Kh4 Qe3 55. Qd5+ Kxa3 56. Qd6+ Ka2 57. Qd5+
Kb2 58. Qb5+ Ka3 0-1

[Event "Malmo"]
[Site "Malmo"]
[Date "1987.??.??"]
[Round "?"]
[White "Hellers, Ferdinand"]
[Black "Kupreichik, Viktor D"]
[Result "0-1"]
[WhiteElo "2490"]
[BlackElo "2500"]
[PlyCount "50"]
[EventDate "1987.12.??"]
[EventType "tourn"]
[EventRounds "9"]
[EventCountry "SWE"]
[EventCategory "11"]
[SourceTitle "TD"]
[Source "ChessBase"]
[SourceDate "1994.03.01"]
[SourceVersion "1"]
[SourceVersionDate "1994.03.01"]
[SourceQuality "1"]

1. e4 e5 2. Nf3 Nc6 3. Bb5 a6 4. Ba4 Nf6 5. O-O Be7 6. Re1 b5 7. Bb3 O-O 8. c3
d6 9. h3 a5 10. a4 b4 11. d4 bxc3 12. bxc3 exd4 13. cxd4 d5 14. e5 Ne4 15. Nbd2
Bf5 16. Ba3 Nb4 17. Nf1 c5 18. Ne3 Be6 19. Bxb4 axb4 20. dxc5 Bxc5 21. Qd3 Rc8
22. Rad1 Bb6 23. Rc1 Nc5 24. Qd1 d4 25. Nxd4 Bxb3 0-1

[Event "Lvov"]
[Site "Lvov"]
[Date "1988.??.??"]
[Round "?"]
[White "Kupreichik, Viktor D"]
[Black "Moskalenko, Viktor"]
[Result "1-0"]
[WhiteElo "2510"]
[BlackElo "2440"]
[PlyCount "81"]
[EventDate "1988.02.??"]
[EventType "tourn"]
[EventRounds "15"]
[EventCountry "URS"]
[EventCategory "10"]
[SourceTitle "CBM 007"]
[Source "ChessBase"]
[SourceDate "1988.12.01"]
[SourceVersion "1"]
[SourceVersionDate "1988.12.01"]
[SourceQuality "1"]

1. e4 e6 2. d4 d5 3. e5 c5 4. c3 Nc6 5. Nf3 Nge7 6. Be2 Nf5 7. g4 Nh4 8. Nxh4
Qxh4 9. Be3 Bd7 10. Nd2 cxd4 11. Nf3 Qd8 12. cxd4 h5 13. gxh5 Rxh5 14. h4 Ne7
15. Ng5 Rh8 16. Bd3 Nf5 17. Bxf5 exf5 18. Qb3 Qa5+ 19. Bd2 Qb5 20. Qxb5 Bxb5
21. Rc1 Bc6 22. f3 Be7 23. Kf2 f6 24. Ne6 Kf7 25. Nc7 Rad8 26. h5 fxe5 27. dxe5
d4 28. e6+ Kf8 29. h6 g5 30. Rh5 Rh7 31. Rxg5 Bxg5 32. Bxg5 Rb8 33. Bf4 Ke7 34.
Rg1 Kf6 35. Bg5+ Kg6 36. Be3+ Kh5 37. Bf4 Rc8 38. Rg5+ Kh4 39. Rxf5 Be8 40. Rc5
Rcxc7 41. Bxc7 1-0

[Event "Lvov"]
[Site "Lvov"]
[Date "1988.??.??"]
[Round "?"]
[White "Kupreichik, Viktor D"]
[Black "Petrosian, Arshak B"]
[Result "1-0"]
[WhiteElo "2510"]
[BlackElo "2480"]
[PlyCount "69"]
[EventDate "1988.02.??"]
[EventType "tourn"]
[EventRounds "15"]
[EventCountry "URS"]
[EventCategory "10"]
[SourceTitle "CBM 007"]
[Source "ChessBase"]
[SourceDate "1988.12.01"]
[SourceVersion "1"]
[SourceVersionDate "1988.12.01"]
[SourceQuality "1"]

1. e4 c5 2. Nf3 d6 3. Nc3 a6 4. g3 b5 5. Bg2 Bb7 6. d4 cxd4 7. Nxd4 e6 8. O-O
Nd7 9. Re1 Qc7 10. a4 b4 11. Na2 a5 12. c3 bxc3 13. Nxc3 Ngf6 14. Ncb5 Qb8 15.
Bg5 Nc5 16. e5 Bxg2 17. exf6 Be4 18. Rc1 gxf6 19. Bxf6 Rg8 20. Rxc5 dxc5 21.
Rxe4 cxd4 22. Be5 Qc8 23. Nc7+ Ke7 24. Qxd4 f5 25. Bd6+ Kf7 26. Rxe6 Rg6 27.
Re8 Qxe8 28. Qd5+ Kf6 29. Nxe8+ Rxe8 30. Kg2 Rg4 31. Qc6 Re6 32. Qc3+ Kf7 33.
Bxf8 Kxf8 34. Qxa5 Rf6 35. Qc7 1-0

[Event "Budapest Spring op 04th"]
[Site "Budapest"]
[Date "1988.??.??"]
[Round "?"]
[White "Kupreichik, Viktor D"]
[Black "Vratonjic, Slobodan"]
[Result "1-0"]
[WhiteElo "2510"]
[BlackElo "2355"]
[PlyCount "53"]
[EventDate "1988.03.19"]
[EventType "swiss"]
[EventRounds "9"]
[EventCountry "HUN"]
[SourceTitle "EXT 2003"]
[Source "ChessBase"]
[SourceDate "2002.11.25"]
[SourceVersion "1"]
[SourceVersionDate "2002.11.25"]
[SourceQuality "1"]

1. e4 c5 2. Nf3 e6 3. Nc3 d6 4. d4 cxd4 5. Nxd4 Nc6 6. Be3 Nf6 7. Bc4 a6 8. Qe2
Qc7 9. O-O-O Be7 10. Rhg1 Na5 11. Bd3 b5 12. g4 b4 13. Nb1 Bb7 14. Nd2 d5 15.
f3 O-O 16. g5 Nd7 17. Kb1 Nb6 18. f4 Nac4 19. exd5 Nxe3 20. Nxe6 fxe6 21. Bxh7+
Kxh7 22. Qh5+ Kg8 23. g6 Qxc2+ 24. Ka1 Qxb2+ 25. Kxb2 Bf6+ 26. Kb1 Rfc8 27. d6
1-0

[Event "URS-ch otbor56"]
[Site "Blagoveshchensk"]
[Date "1988.??.??"]
[Round "?"]
[White "Avshalumov, Alex"]
[Black "Kupreichik, Viktor D"]
[Result "0-1"]
[WhiteElo "2420"]
[BlackElo "2445"]
[PlyCount "64"]
[EventDate "1988.08.??"]
[EventType "swiss"]
[EventRounds "9"]
[EventCountry "URS"]
[SourceTitle "TD"]
[Source "ChessBase"]
[SourceDate "1994.03.01"]
[SourceVersion "1"]
[SourceVersionDate "1994.03.01"]
[SourceQuality "1"]

1. d4 Nf6 2. c4 g6 3. Nc3 Bg7 4. e4 d6 5. h3 O-O 6. Be3 e5 7. d5 Na6 8. Bd3 Nd7
9. g4 Ndc5 10. Bb1 f5 11. exf5 gxf5 12. Nge2 Qh4 13. a3 e4 14. gxf5 Bxf5 15.
Nd4 Bg6 16. Bc2 Nd3+ 17. Bxd3 Bxd4 18. Bxd4 exd3 19. Qg4 Rae8+ 20. Kf1 Qxg4 21.
hxg4 Rf4 22. Bxa7 b6 23. a4 Nc5 24. a5 Nb3 25. Re1 Ref8 26. axb6 Nd2+ 27. Kg2
Rxg4+ 28. Kh3 Bf5 29. Re3 Rg7+ 30. Kh2 Bc8 31. Nd1 Nf3+ 32. Rxf3 Rxf3 0-1

[Event "URS-ch otbor56"]
[Site "Blagoveshchensk"]
[Date "1988.??.??"]
[Round "?"]
[White "Kupreichik, Viktor D"]
[Black "Moskalenko, Viktor"]
[Result "1-0"]
[WhiteElo "2445"]
[BlackElo "2475"]
[PlyCount "81"]
[EventDate "1988.08.??"]
[EventType "swiss"]
[EventRounds "9"]
[EventCountry "URS"]
[SourceTitle "TD"]
[Source "ChessBase"]
[SourceDate "1994.03.01"]
[SourceVersion "1"]
[SourceVersionDate "1994.03.01"]
[SourceQuality "1"]

1. e4 e6 2. d4 d5 3. e5 c5 4. c3 Nc6 5. Nf3 Nge7 6. Be2 Nf5 7. g4 Nh4 8. Nxh4
Qxh4 9. Be3 Bd7 10. O-O f6 11. f4 fxe5 12. dxe5 g5 13. Na3 O-O-O 14. Nb5 h5 15.
fxg5 hxg4 16. Bf4 a6 17. Nd6+ Bxd6 18. exd6 g3 19. Bxg3 Qxg5 20. Qc1 Qxc1 21.
Raxc1 Rdg8 22. Rf6 Nd8 23. b4 c4 24. Kf2 Be8 25. Ke3 Kd7 26. Rcf1 Bh5 27. Bxh5
Rxh5 28. Rf7+ Nxf7 29. Rxf7+ Kc6 30. Rc7+ Kb6 31. Re7 Rxg3+ 32. hxg3 Re5+ 33.
Kf4 Re4+ 34. Kf3 Kc6 35. d7 Kc7 36. g4 Re1 37. g5 d4 38. g6 dxc3 39. g7 Rg1 40.
Re8 Kxd7 41. g8=Q 1-0

[Event "Belgrade GMA op"]
[Site "Belgrade"]
[Date "1988.??.??"]
[Round "?"]
[White "Abramovic, Bosko"]
[Black "Kupreichik, Viktor D"]
[Result "0-1"]
[WhiteElo "2445"]
[BlackElo "2485"]
[PlyCount "144"]
[EventDate "1988.12.??"]
[EventType "swiss"]
[EventRounds "9"]
[EventCountry "YUG"]
[SourceTitle "TD"]
[Source "ChessBase"]
[SourceDate "1994.03.01"]
[SourceVersion "1"]
[SourceVersionDate "1994.03.01"]
[SourceQuality "1"]

1. e4 e5 2. Nf3 Nc6 3. Bb5 a6 4. Ba4 Nf6 5. O-O Be7 6. Re1 b5 7. Bb3 O-O 8. a4
b4 9. d3 Re8 10. Nbd2 Bc5 11. Nc4 h6 12. a5 d6 13. c3 bxc3 14. bxc3 Rb8 15. Be3
Bxe3 16. Nxe3 Be6 17. Ba4 Bd7 18. Qc2 Na7 19. Bb3 Bc6 20. Reb1 Qd7 21. Nd5 Nh5
22. Nb4 Bb7 23. Ba4 c6 24. Nd5 Nb5 25. Ne3 Qd8 26. c4 Na7 27. g3 Nf6 28. c5 Nb5
29. Nf5 dxc5 30. Kg2 Bc8 31. Ne3 Qd7 32. Ng1 Qd6 33. Nc4 Qe7 34. Ne2 Bd7 35.
Rc1 Qe6 36. f3 Qh3+ 37. Kg1 Qh5 38. Rf1 Qg5 39. Qc1 Qh5 40. Bxb5 cxb5 41. Nd6
Red8 42. Qxc5 Bh3 43. Rf2 Rd7 44. d4 Rbd8 45. Qxe5 Rxd6 46. Qxh5 Nxh5 47. g4
Nf6 48. e5 Nxg4 49. exd6 Nxf2 50. Kxf2 Rxd6 51. Rc1 Be6 52. Ke3 Bc4 53. Ng3
Re6+ 54. Kf2 g6 55. h4 Kg7 56. h5 Kf6 57. hxg6 fxg6 58. Ne4+ Kf5 59. Rh1 g5 60.
Nc5 Re2+ 61. Kg3 Kg6 62. Nd7 Bd5 63. Ne5+ Kg7 64. Rc1 h5 65. Rh1 h4+ 66. Kg4
Kf6 67. Rc1 Be6+ 68. Kh5 h3 69. Ng4+ Bxg4+ 70. fxg4 h2 71. Rf1+ Ke6 72. Kxg5
Rg2 0-1

[Event "Belgrade GMA op"]
[Site "Belgrade"]
[Date "1988.??.??"]
[Round "?"]
[White "Kupreichik, Viktor D"]
[Black "Gurgenidze, Bukhuti"]
[Result "1-0"]
[WhiteElo "2485"]
[BlackElo "2365"]
[PlyCount "59"]
[EventDate "1988.12.??"]
[EventType "swiss"]
[EventRounds "9"]
[EventCountry "YUG"]
[SourceTitle "CBM 010"]
[Source "ChessBase"]
[SourceDate "1989.06.01"]
[SourceVersion "1"]
[SourceVersionDate "1989.06.01"]
[SourceQuality "1"]

1. c4 e5 2. g3 f5 3. Bg2 Nf6 4. Nc3 Bb4 5. Qb3 c5 6. a3 Bxc3 7. Qxc3 Qe7 8. b4
Nc6 9. bxc5 Qxc5 10. e3 Ne4 11. Qd3 b6 12. Bb2 Bb7 13. Nf3 Qe7 14. O-O d6 15.
Qc2 O-O 16. Nh4 g6 17. f4 Rac8 18. Nf3 Rc7 19. Rac1 Nf6 20. d3 h6 21. Nh4 Kh7
22. e4 fxe4 23. f5 gxf5 24. Nxf5 Qe6 25. Qd2 Ng8 26. Bxe4 Kh8 27. d4 Nce7 28.
d5 Qd7 29. Nxh6 Rxf1+ 30. Rxf1 1-0

[Event "Belgrade GMA op"]
[Site "Belgrade"]
[Date "1988.??.??"]
[Round "?"]
[White "Kupreichik, Viktor D"]
[Black "Todorovic, Goran N"]
[Result "1-0"]
[WhiteElo "2485"]
[BlackElo "2400"]
[PlyCount "83"]
[EventDate "1988.12.??"]
[EventType "swiss"]
[EventRounds "9"]
[EventCountry "YUG"]
[SourceTitle "CBM 010"]
[Source "ChessBase"]
[SourceDate "1989.06.01"]
[SourceVersion "1"]
[SourceVersionDate "1989.06.01"]
[SourceQuality "1"]

1. e4 e5 2. Nf3 Nc6 3. Bb5 d6 4. O-O Bd7 5. c3 a6 6. Bc4 b5 7. Bb3 Be7 8. d4
Nf6 9. Ng5 O-O 10. f4 h6 11. Nxf7 Rxf7 12. fxe5 dxe5 13. Bxf7+ Kxf7 14. dxe5
Nxe5 15. Qd5+ Kg6 16. Qxe5 Bd6 17. Qd4 Qe7 18. Qd3 Qe5 19. Bf4 Bc5+ 20. Kh1
Qxe4 21. Qg3+ Kh7 22. Nd2 Qd5 23. Qf3 Bc6 24. Qxd5 Nxd5 25. Nb3 Nxf4 26. Rxf4
Bd6 27. Rff1 Bd5 28. Nd4 Bc4 29. Rfe1 Rf8 30. b3 Bd3 31. Rad1 Bg6 32. Rf1 Rc8
33. Nf5 Bf8 34. h3 Re8 35. Nh4 Bc2 36. Rde1 Rd8 37. Re2 Bd3 38. Rd1 c5 39. c4
bxc4 40. bxc4 Rd4 41. Re8 Kg8 42. Nf3 1-0

[Event "Val Maubuee"]
[Site "Val Maubuee"]
[Date "1989.??.??"]
[Round "5"]
[White "Kupreichik, Viktor D"]
[Black "Boudre, Jean Pierre"]
[Result "1-0"]
[WhiteElo "2520"]
[BlackElo "2380"]
[PlyCount "53"]
[EventDate "1989.04.??"]
[EventType "tourn"]
[EventRounds "9"]
[EventCountry "FRA"]
[EventCategory "9"]
[SourceTitle "EXT 1997"]
[Source "ChessBase"]
[SourceDate "1996.11.15"]
[SourceVersion "1"]
[SourceVersionDate "1996.11.15"]
[SourceQuality "1"]

1. e4 e5 2. Nf3 Nc6 3. Bb5 a6 4. Ba4 Nf6 5. O-O Be7 6. Re1 b5 7. Bb3 d6 8. a4
Bd7 9. c3 O-O 10. d4 h6 11. Na3 Re8 12. Bd2 Rb8 13. axb5 axb5 14. Nc2 Bf8 15.
d5 Ne7 16. Nb4 Bg4 17. h3 Bh5 18. g4 Bg6 19. Bc2 Nd7 20. Be3 f6 21. Nh4 Bf7 22.
Qe2 Qc8 23. Ba7 Rb7 24. Nc6 Nb6 25. Bd3 h5 26. Nxe7+ Rxe7 27. Nf5 1-0

[Event "Val Maubuee"]
[Site "Val Maubuee"]
[Date "1989.??.??"]
[Round "6"]
[White "Apicella, Manuel"]
[Black "Kupreichik, Viktor D"]
[Result "0-1"]
[WhiteElo "2400"]
[BlackElo "2520"]
[PlyCount "82"]
[EventDate "1989.04.??"]
[EventType "tourn"]
[EventRounds "9"]
[EventCountry "FRA"]
[EventCategory "9"]
[SourceTitle "EXT 1997"]
[Source "ChessBase"]
[SourceDate "1996.11.15"]
[SourceVersion "1"]
[SourceVersionDate "1996.11.15"]
[SourceQuality "1"]

1. e4 c5 2. Nf3 d6 3. d4 cxd4 4. Nxd4 Nf6 5. Nc3 a6 6. Be2 g6 7. Be3 Bg7 8. f4
O-O 9. O-O Nbd7 10. a4 Qc7 11. Bf3 Nb6 12. Qd3 Nc4 13. Nd1 Ng4 14. Bxg4 Bxg4
15. b3 Nxe3 16. Nxe3 Qb6 17. c3 Rac8 18. Rae1 Rxc3 19. Qxc3 Bxd4 20. Qd2 Rc8
21. Kh1 Bc3 22. Nd5 Bxd2 23. Nxb6 Rc5 24. Rb1 Be2 25. Rf2 Bd3 26. Ra1 Be3 27.
b4 Rc6 28. Rf3 Bd4 29. Nd5 Kf8 30. b5 Rc5 31. Nb6 Rc7 32. Nd5 Rc4 33. Rxd3 Bxa1
34. Rd1 Rxa4 35. bxa6 bxa6 36. Nb6 Ra2 37. g3 Bg7 38. Rc1 Ra1 39. Rxa1 Bxa1 40.
Kg2 a5 41. Kf3 Bd4 0-1

[Event "Val Maubuee"]
[Site "Val Maubuee"]
[Date "1989.??.??"]
[Round "7"]
[White "Kupreichik, Viktor D"]
[Black "Kosten, Anthony C"]
[Result "1-0"]
[WhiteElo "2520"]
[BlackElo "2505"]
[PlyCount "65"]
[EventDate "1989.04.??"]
[EventType "tourn"]
[EventRounds "9"]
[EventCountry "FRA"]
[EventCategory "9"]
[SourceTitle "EXT 1997"]
[Source "ChessBase"]
[SourceDate "1996.11.15"]
[SourceVersion "1"]
[SourceVersionDate "1996.11.15"]
[SourceQuality "1"]

1. e4 e6 2. d4 d5 3. e5 c5 4. c3 Nc6 5. Nf3 Bd7 6. Be2 Nge7 7. O-O Nf5 8. Bd3
cxd4 9. Bxf5 exf5 10. Nxd4 Be7 11. Qb3 Bc8 12. f4 O-O 13. Be3 f6 14. exf6 Bxf6
15. Nd2 Re8 16. Rae1 Rxe3 17. Nxc6 Qe8 18. Ne5 Rxe1 19. Rxe1 Be6 20. Qxb7 Rb8
21. Qxa7 Rxb2 22. Ndf3 Qc8 23. Qa3 Rc2 24. Re3 d4 25. Nxd4 Rxa2 26. Qd6 Ra6 27.
Qb4 Bd5 28. Nxf5 h6 29. Qb5 Qa8 30. Ng4 Ra1+ 31. Kf2 Ra2+ 32. Kg3 Rxg2+ 33. Kh3
1-0

[Event "Val Maubuee"]
[Site "Val Maubuee"]
[Date "1989.??.??"]
[Round "8"]
[White "Andruet, Gilles"]
[Black "Kupreichik, Viktor D"]
[Result "0-1"]
[WhiteElo "2420"]
[BlackElo "2520"]
[PlyCount "120"]
[EventDate "1989.04.??"]
[EventType "tourn"]
[EventRounds "9"]
[EventCountry "FRA"]
[EventCategory "9"]
[SourceTitle "EXT 1997"]
[Source "ChessBase"]
[SourceDate "1996.11.15"]
[SourceVersion "1"]
[SourceVersionDate "1996.11.15"]
[SourceQuality "1"]

1. d4 Nf6 2. c4 g6 3. Nc3 Bg7 4. e4 d6 5. h3 O-O 6. Bg5 c6 7. Qd2 a6 8. Nf3 b5
9. a3 Nbd7 10. Bd3 bxc4 11. Bxc4 d5 12. Bd3 c5 13. exd5 Bb7 14. O-O cxd4 15.
Nxd4 Nxd5 16. Be4 Nc5 17. Bxd5 Bxd5 18. Nf5 gxf5 19. Qxd5 Qxd5 20. Nxd5 e6 21.
Nf6+ Kh8 22. Rac1 Nd3 23. Rc7 h6 24. Bh4 Rac8 25. Ra7 Rc4 26. Nd7 Rxh4 27. Nxf8
Bxf8 28. b4 Kg7 29. Rd1 Rd4 30. Rxa6 Nxb4 31. Rxd4 Nxa6 32. Ra4 Nc7 33. Ra5 Kf6
34. a4 Ke7 35. Ra7 Kd7 36. Rb7 Kc8 37. Rb3 f4 38. Kf1 Bc5 39. Ke2 e5 40. g3 Ne6
41. Rc3 Kb7 42. Kf3 Ng5+ 43. Kg4 Ne4 44. Rb3+ Kc6 45. gxf4 Nxf2+ 46. Kg3 e4 47.
a5 Nd3 48. a6 f5 49. Rb7 Bf2+ 50. Kg2 Bd4 51. Re7 Nxf4+ 52. Kh2 Nd3 53. a7 Bxa7
54. Rxa7 f4 55. Re7 Kd5 56. Kg2 Kd4 57. Rd7+ Ke3 58. Kf1 Kd2 59. Re7 e3 60. Re8
f3 0-1

[Event "Vidmar Memorial"]
[Site "Ljubljana/Portoroz"]
[Date "1989.??.??"]
[Round "?"]
[White "Kupreichik, Viktor D"]
[Black "Bischoff, Klaus"]
[Result "1-0"]
[WhiteElo "2520"]
[BlackElo "2505"]
[PlyCount "265"]
[EventDate "1989.06.??"]
[EventType "tourn"]
[EventRounds "13"]
[EventCountry "YUG"]
[EventCategory "11"]
[SourceTitle "CBM 014"]
[Source "ChessBase"]
[SourceDate "1990.02.01"]
[SourceVersion "1"]
[SourceVersionDate "1990.02.01"]
[SourceQuality "1"]

1. e4 c5 2. Nf3 e6 3. Nc3 a6 4. g3 Ne7 5. Bg2 Nbc6 6. O-O Ng6 7. d4 cxd4 8.
Nxd4 Be7 9. Be3 O-O 10. f4 f6 11. Qe2 Qc7 12. Rad1 Rb8 13. h4 Nh8 14. Kh2 Nf7
15. Qf2 Nxd4 16. Rxd4 b5 17. Rfd1 Ne5 18. Qe2 Nc4 19. Bc1 Nb6 20. a3 d6 21.
R4d3 Bd7 22. Bh3 Rfc8 23. e5 fxe5 24. fxe5 d5 25. Bf4 Qc4 26. Be3 Qc6 27. Bxb6
Rxb6 28. Rxd5 exd5 29. Nxd5 Re8 30. Bxd7 Qxd7 31. Nxb6 Qe6 32. Nd5 Bd6 33. Nf4
Qxe5 34. Qxe5 Bxe5 35. Re1 Kf7 36. Nd3 Bf6 37. Rxe8 Kxe8 38. Kg2 Ke7 39. Kf3
Kd6 40. Ke4 a5 41. c3 a4 42. h5 g6 43. hxg6 hxg6 44. g4 Bg5 45. Nf4 Bxf4 46.
Kxf4 Ke6 47. Ke4 Kf6 48. Kd5 Kg5 49. Kc5 Kxg4 50. Kxb5 Kf5 51. c4 Ke6 52. Kc6
g5 53. c5 g4 54. Kb7 g3 55. c6 g2 56. c7 g1=Q 57. c8=Q+ Ke7 58. Qc7+ Ke8 59.
Qc6+ Kf7 60. Qc4+ Kg7 61. Ka6 Qd1 62. Ka5 Qd7 63. Kb6 Qd1 64. Kc5 Kh6 65. Qf4+
Kh7 66. Qd4 Qc2+ 67. Kb5 Kg6 68. Qc3 Qd1 69. Qc6+ Kh7 70. Qe4+ Kg7 71. Qe5+ Kh7
72. Kc6 Qb3 73. Qc3 Qe6+ 74. Kb7 Qd5+ 75. Kc7 Qd1 76. Qh3+ Kg6 77. Qe6+ Kg5 78.
Qe5+ Kg4 79. Kc6 Kh3 80. Kc5 Qd7 81. Qh5+ Kg3 82. Qd5 Qa7+ 83. Kc4 Qa6+ 84. Kc3
Qa7 85. Kd3 Qh7+ 86. Qe4 Qd7+ 87. Ke2 Kh2 88. Qf4+ Kg1 89. b4 axb3 90. Qg3+ Kh1
91. Qxb3 Kh2 92. a4 Qg4+ 93. Kd3 Qf3+ 94. Kc2 Qe2+ 95. Kb1 Qe1+ 96. Ka2 Kg2 97.
Qd5+ Kh2 98. a5 Qb4 99. Qh5+ Kg3 100. Qg6+ Kh4 101. Qf6+ Kh3 102. Qe6+ Kh2 103.
Qb6 Qc4+ 104. Kb2 Qe2+ 105. Kc3 Qf3+ 106. Kd4 Qf4+ 107. Kd5 Qf5+ 108. Kc6 Qe6+
109. Kb7 Qd5+ 110. Kb8 Qg8+ 111. Ka7 Qf7+ 112. Qb7 Qc4 113. a6 Kh3 114. Kb8
Qf4+ 115. Kc8 Qf8+ 116. Kd7 Qf7+ 117. Kd6 Qf6+ 118. Kd5 Qf5+ 119. Kd4 Qf4+ 120.
Kd3 Qf1+ 121. Kc2 Qe2+ 122. Kb1 Qd1+ 123. Kb2 Qd2+ 124. Ka3 Qc1+ 125. Ka2 Qc2+
126. Qb2 Qh7 127. Qa3+ Kh2 128. Qd6+ Kh3 129. Qe6+ Kh2 130. Qe5+ Kh3 131. Qe3+
Kh2 132. a7 Qb7 133. Qe5+ 1-0

[Event "Leningrad2"]
[Site "Leningrad"]
[Date "1989.??.??"]
[Round "?"]
[White "Kupreichik, Viktor D"]
[Black "Gdanski, Przemyslaw"]
[Result "1-0"]
[WhiteElo "2520"]
[BlackElo "2350"]
[PlyCount "45"]
[EventDate "1989.09.??"]
[EventType "tourn"]
[EventRounds "11"]
[EventCountry "URS"]
[EventCategory "9"]
[SourceTitle "CBM 015"]
[Source "ChessBase"]
[SourceDate "1990.04.01"]
[SourceVersion "1"]
[SourceVersionDate "1990.04.01"]
[SourceQuality "1"]

1. e4 c5 2. Nf3 e6 3. Nc3 a6 4. g3 b5 5. Bg2 Bb7 6. d4 cxd4 7. Nxd4 b4 8. Na4
Nf6 9. O-O Nxe4 10. Re1 d5 11. Nxe6 fxe6 12. Qh5+ g6 13. Qe5 Qd7 14. Qxh8 Qxa4
15. f3 Nc5 16. Bh3 Nbd7 17. Bg5 Qc6 18. Qxh7 e5 19. Re2 e4 20. fxe4 dxe4 21.
Rf1 Ne5 22. Qh8 Nf7 23. Rxf7 1-0

[Event "URS-sf"]
[Site "Daugavpils"]
[Date "1989.??.??"]
[Round "?"]
[White "Epishin, Vladimir"]
[Black "Kupreichik, Viktor D"]
[Result "0-1"]
[WhiteElo "2460"]
[BlackElo "2520"]
[Annotator "Ftacnik,L"]
[PlyCount "52"]
[EventDate "1989.11.??"]
[EventType "tourn"]
[EventRounds "15"]
[EventCountry "URS"]
[EventCategory "9"]
[SourceTitle "CBM 016"]
[Source "ChessBase"]
[SourceDate "1990.06.01"]
[SourceVersion "1"]
[SourceVersionDate "1990.06.01"]
[SourceQuality "1"]

1. d4 d5 2. c4 c6 3. Nf3 Nf6 4. Qc2 g6 5. Bf4 Na6 {N} 6. e3 Bf5 7. Qb3 Nb4 $5
8. Qxb4 e5 9. c5 (9. Qxb7 Rb8 (9... exf4 10. Qxc6+ Bd7 11. Qa6 fxe3 $36) 10.
Qxc6+ Bd7 11. Qa6 exf4 $44 (11... Rxb2 $5 12. Bxe5 Bb4+ 13. Nbd2 Ne4 $13)) 9...
exf4 10. exf4 b6 11. Ne5 bxc5 12. Qb7 (12. Qa4 Qb6) 12... Bd7 13. Nxd7 (13.
Nxc6 Qc8 14. Qxc8+ Rxc8 15. Nxa7 Rb8 16. a4 c4 $17) 13... Nxd7 14. Qxc6 Rc8 15.
Qxd5 cxd4 16. Bb5 (16. Bc4 Bb4+ 17. Ke2 O-O $40) (16. Nd2 Bb4 17. Qe4+ Kf8 (
17... Qe7 18. Qxe7+ Kxe7 19. Kd1 Nc5 $44) 18. Qxd4 Qe7+ 19. Be2 $13) 16... Bb4+
17. Ke2 (17. Kd1 O-O 18. Qxd7 Qh4 $5 $40) 17... O-O 18. Rd1 (18. Qxd7 Qh4 19.
g3 Qh5+ 20. g4 Rfe8+ $40) 18... Qh4 19. Kf1 Qxh2 20. Nd2 Nf6 21. Qg5 Bxd2 22.
Qxf6 Rc2 23. Ke2 Bxf4+ 24. Kd3 Rxf2 25. Bc6 Qg3+ 26. Bf3 Rxf3+ {Ftacnik} 0-1

[Event "URS-sf"]
[Site "Daugavpils"]
[Date "1989.??.??"]
[Round "?"]
[White "Lukin, Andrei M"]
[Black "Kupreichik, Viktor D"]
[Result "0-1"]
[WhiteElo "2445"]
[BlackElo "2520"]
[PlyCount "62"]
[EventDate "1989.11.??"]
[EventType "tourn"]
[EventRounds "15"]
[EventCountry "URS"]
[EventCategory "9"]
[SourceTitle "CBM 016"]
[Source "ChessBase"]
[SourceDate "1990.06.01"]
[SourceVersion "1"]
[SourceVersionDate "1990.06.01"]
[SourceQuality "1"]

1. e4 c5 2. Nf3 d6 3. d4 cxd4 4. Nxd4 Nf6 5. Nc3 a6 6. Be3 e6 7. Be2 Qc7 8. a4
b6 9. f4 Bb7 10. Bf3 Nbd7 11. Qe2 Nc5 12. Bf2 e5 13. Nf5 g6 14. Bh4 Ncd7 15.
Ne3 Be7 16. fxe5 dxe5 17. O-O-O O-O 18. Ned5 Bxd5 19. exd5 Bd6 20. g4 b5 21. g5
bxa4 22. gxf6 a3 23. Ne4 Qa5 24. c3 Rfb8 25. Nxd6 Rxb2 26. Qxb2 axb2+ 27. Kd2
Rb8 28. Rb1 e4 29. Nxe4 Ne5 30. Bg2 Qxd5+ 31. Ke2 Qd3+ 0-1

[Event "URS-sf"]
[Site "Daugavpils"]
[Date "1989.??.??"]
[Round "?"]
[White "Ubilava, Elizbar"]
[Black "Kupreichik, Viktor D"]
[Result "0-1"]
[WhiteElo "2525"]
[BlackElo "2520"]
[PlyCount "62"]
[EventDate "1989.11.??"]
[EventType "tourn"]
[EventRounds "15"]
[EventCountry "URS"]
[EventCategory "9"]
[SourceTitle "CBM 016"]
[Source "ChessBase"]
[SourceDate "1990.06.01"]
[SourceVersion "1"]
[SourceVersionDate "1990.06.01"]
[SourceQuality "1"]

1. g3 e5 2. c4 Nc6 3. Bg2 g6 4. Nc3 d6 5. e3 Be6 6. d3 Bg7 7. Rb1 Qd7 8. b4
Nge7 9. b5 Nd8 10. Nd5 O-O 11. Ne2 f5 12. O-O g5 13. f4 gxf4 14. exf4 Ng6 15.
d4 c6 16. Ne3 exf4 17. Nxf4 Nxf4 18. Rxf4 Bh6 19. d5 Bxf4 20. gxf4 cxd5 21.
cxd5 h6 22. dxe6 Nxe6 23. Qd5 Kh7 24. Nxf5 Nc7 25. Qxd6 Qxf5 26. Qxc7+ Rf7 27.
Qe5 Qg6 28. Kh1 Rd7 29. h3 Re8 30. f5 Rd1+ 31. Kh2 Qxg2+ 0-1